Assessment of Respondent Driven Sampling for Recruiting Female Sex Workers in Two Vietnamese Cities: Reaching the Unseen Sex Worker

Guardado en:
Detalles Bibliográficos
Autor principal: Johnston,Lisa Grazina
Otros Autores: Sabin, Keith
Formato: Libro
Lenguaje:Undetermined
Materias:
Acceso en línea:http://lrc.tdmu.edu.vn/opac/search/detail.asp?aID=2&ID=37366
Etiquetas: Agregar Etiqueta
Sin Etiquetas, Sea el primero en etiquetar este registro!
Thư viện lưu trữ: Trung tâm Học liệu Trường Đại học Thủ Dầu Một
LEADER 00736nam a2200157Ia 4500
001 TDMU_37366
008 210410s9999 xx 000 0 und d
082 |a 363.72 
100 |a Johnston,Lisa Grazina 
245 0 |a Assessment of Respondent Driven Sampling for Recruiting Female Sex Workers in Two Vietnamese Cities: Reaching the Unseen Sex Worker 
245 0 |c Lisa Grazina Johnston, Keith Sabin, Mai Thu Hiền, Phạm Thị Hương 
300 |a 16-28 
650 |a Chính trị - Xã hội; Sex workers; Vietnam; Respondent-driven sampling; HIV; Mại dâm 
700 |a Sabin, Keith 
856 |u http://lrc.tdmu.edu.vn/opac/search/detail.asp?aID=2&ID=37366 
980 |a Trung tâm Học liệu Trường Đại học Thủ Dầu Một